Osobitosti konsolidovanej účtovnej závierky vo verejnej správe

Špecifiká účtovnej konsolidácie vo verejnej správe. Právna úprava účtovníctva pre účtovnú konsolidáciu vo verejnej správe.

Gespeichert in:
Bibliographische Detailangaben
1. Verfasser: Šabíková, Ingrid
Format: Buchkapitel
Sprache:Slowakisch
Schlagworte:
Tags: Tag hinzufügen
Keine Tags, Fügen Sie das erste Tag hinzu!

MARC

LEADER 00000naa a2200000 4500
001 0208234
005 20240502073448.7
041 0 |a slo 
044 |a SK 
245 1 0 |a Osobitosti konsolidovanej účtovnej závierky vo verejnej správe  |c Ingrid Šabíková 
520 |a Špecifiká účtovnej konsolidácie vo verejnej správe. Právna úprava účtovníctva pre účtovnú konsolidáciu vo verejnej správe. 
610 2 0 |a účtovníctvo 
610 2 0 |a konsolidácia 
610 2 0 |a závierka účtovná konsolidovaná 
610 2 0 |a správa verejná 
610 2 0 |a legislatíva 
100 1 |a Šabíková, Ingrid